Celebrities with Common Last Names Quiz Stats

 Plays Quiz Updated Dec 31, 2015

Challenge
Share
Tweet
Score 0/25 Timer 06:00
5 Plays Today
% Correct
Will Smith
99.4%
Serena Williams
96.7%
Michael Jackson
93.3%
Dwayne 'The Rock' Johnson
89.6%
Bruce Lee
86.1%
Jennifer Lopez
85.5%
Betty White
80.9%
Pamela Anderson
79.3%
James Brown
76.7%
Tommy Lee Jones
76.6%
Neil Patrick Harris
75.1%
Elizabeth Taylor
64.7%
Julianne Moore
61.7%
% Correct
Rebel Wilson
58.9%
Alex Rodriguez
58.8%
Geena Davis
58.5%
Dick Clark
51%
George R.R. Martin
40.7%
Kenan Thompson
39.9%
Jerry Garcia
37.2%
Pedro Martinez
33.4%
Wentworth Miller
27.2%
Rob Thomas
16.7%
Juan Gonzalez
16.2%
Javier Hernández
15.1%

You're not logged in!

Compare scores with friends on all Sporcle quizzes.
OR
Log In

You Might Also Like...

Show Comments

Extras

Top Quizzes Today


Score Distribution

Your Account Isn't Verified!

In order to create a playlist on Sporcle, you need to verify the email address you used during registration. Go to your Sporcle Settings to finish the process.

Report this User

Report this user for behavior that violates our Community Guidelines.

Details: